00893nam a2200313Ia 4500001000600000003000500006008004100011010001100052040000900063082001500072100003300087245010200120260004500222300001100267440000500278500000500283503001100288650002300299650002900322650002300351650004500374901001500419902000600434910000900440942000600449942000700455999001900462952009800481Z_902CHAP220113s1989 xx 000 0 und d a163977 cCHAP a636.085 M3 aMcDowell, Lee Russell973495 aVitamins in animal nutrition : comparative aspects to human nutrition /cby Lee Russell McDowell aSan Diego, Ca. :bAcademic Press,c1989 a486 p. a a a150715 aNutrición Animal aNutrificación 9138024 aVitaminas 9120010 aVitaminas en nutrición animal 9120022 a636.085 M3 aA a1989 c1 cc1 c163977d163977 00102ddc40708GRALaZbZc1d2005-11-09pz_0799r2022-01-18 00:00:00t1w2022-01-18yLIBRO